John Paul II (Record no. 9406)
[ view plain ]
| 000 -LEADER | |
|---|---|
| fixed length control field | 00635nam a2200253 a 4500 |
| 020 ## - INTERNATIONAL STANDARD BOOK NUMBER | |
| ISBN | 0009430 |
| 082 00 - DEWEY DECIMAL CLASSIFICATION NUMBER | |
| Classification number | 262.13092 |
| Author Cutter | WAL |
| 100 ## - MAIN ENTRY--AUTHOR NAME | |
| Author name | Walsh, Michael |
| 245 ## - TITLE STATEMENT | |
| Title | John Paul II |
| Sub title | Biography |
| 260 ## - PUBLICATION, DISTRIBUTION, ETC. (IMPRINT) | |
| Place of publication | London |
| Name of publisher | Collins Religious Pub. |
| Year of publication | 1994 |
| 300 ## - PHYSICAL DESCRIPTION | |
| Number of Pages | 310p |
| 500 ## - GENERAL NOTE | |
| General note | includes index and biblioraphy |
| 505 2# - FORMATTED CONTENTS NOTE | |
| Formatted contents note | Index |
| 650 ## - SUBJECT ADDED ENTRY--TOPICAL TERM | |
| Topical Term | Pope John Paul II |
| 650 ## - SUBJECT ADDED ENTRY--TOPICAL TERM | |
| Topical Term | John Paul II -Biography |
| 942 ## - ADDED ENTRY ELEMENTS (KOHA) | |
| Koha item type | Books |
| 700 1# - | |
| -- | Walsh, Michael |
| Collection code | Home library | Current library | Date acquired | Cost, normal purchase price | Full call number | Accession Number | Koha item type |
|---|---|---|---|---|---|---|---|
| Henry Martyn Institute Library | Henry Martyn Institute Library | 07/11/2007 | 328.50 | 262.13092 WAL | 015698 | Books |
